000 00858nam a22002177a 4500
008 090220t xxu||||| |||| 00| 0 eng d
010 _aENG-93058
020 _c90.00
_a9788190752732
035 _aEN-76591
037 _bDBAD / PUB
040 _adpl
_bEnglish
082 _a658.1511
100 _aRajasekaran, B.
245 _aObjective type questions in managemet accounting /
_bby B. Rajasekaran
260 _aTirupur
_bVishal Publications
_c2008
270 _a18, Sakthi Garden, Malayampalayam Pirivu, Ganapathypalayam ost,
_bTirupur
_e641605
300 _a116p.
_c21cm (pbk)
650 _aManagerial accounting.
942 _2ddc
_cEN
_mRAJ
_h658.1511
999 _c24808
_d24808